000 00517nmm a2200181Ia 4500
008 251105s9999||||xx |||||||||||||||||und||
020 _a9789587711721
041 _aspa
100 _aSabogal Bernal, Edison
245 0 _aCartilla laboral 2015
264 _a[Bogotá, Colombia] :
_bEcoe Ediciones,
_c2015
300 _a390 páginas
650 _aEconomics and Business
700 _aSabogal Bernal, Edison
700 1 _a Gerencie.com
856 _uhttps://public.digitaliapublishing.com/a/102905
942 _cCF
999 _c70919
_d70919